000 00368pam a2200145a 44500
008 230405s2016 xxu||||| |||| 00| 0 eng d
041 _aENG
100 _aALLEM W S
245 _aLIVING ENGLISH STRUCTURE
250 _a2003 Ed.
260 _aLONDON
_bORIENT LONMAN
_c2016
300 _a338p.
440 _aUNIVERSAL BOOK STOLL,PUNE,B-138,DT-16/09/03
906 _a441
999 _c289320
_d289320